000 00746nam0a22002291 4500
001 rc\4335653
005 20130416133802.5
035 _a(NLR Aleph) 008272360
090 _a8464284
_c8464285
100 _a20130416d1968 |||y0rusy50 ca
101 0 _arus
102 _aRU
105 _aa z |||||
200 1 _aНаследники свастики
_eШтрихи к портрету неофашистской НДП
210 _aБ. м.
_cВсемирная федерация демократ. молодежи
_d1968
215 _a121 с.
_cил.
_d14
700 1 _aГурков
_bГ. И.
_f1933-
_gГенрих Иосифович
801 0 _aRU
_bNLR
_gpsbo
801 1 _aRU
_bELAR
_2rusmarc
852 _aNLR
_j69-1/65
942 _cBOOK
980 _aNB